| 000 | 00586nam a2200217 a 4500 | ||
|---|---|---|---|
| 003 | AR-BaBNM | ||
| 005 | 20251128203533.0 | ||
| 008 | 082120s2002 ||||||||||||||000 | spa|| | ||
| 040 | _cAR-BaBNM | ||
| 100 | 1 | _aCabré, J.B. | |
| 245 | 0 | 0 |
_aInformática básica para maestros _n1 |
| 250 | _a1ª ed. | ||
| 260 |
_aBuenos Aires _bMagisterio del Río de la Plata _c1985 |
||
| 300 |
_a79 p. _bdiagr., tablas |
||
| 650 | 4 | _aINFORMATICA | |
| 650 | 4 | _aLENGUAJES DE COMPUTACION | |
| 650 | 4 | _aPROGRAMAS INFORMATICOS | |
| 650 | 4 | _aENSEÑANZA POR COMPUTADORA | |
| 942 | _cBK | ||
| 998 | _csilvi | ||
| 999 |
_c3843 _d3843 |
||